Children's Books by Characters Quiz Stats

 Plays Quiz Updated Mar 29, 2016

Challenge
Share
Tweet
Embed
Score 0/22 Timer 05:00
8 Plays Today
Characters Book Title % Correct
Mowgli, Kaa, BalooThe Jungle Book
92.7%
Susan, Edmund, Lucy, and Peter PevensieThe Lion the Witch and the Wardrobe
89.2%
Michael and Wendy Darling, SmeePeter Pan
83.4%
Huck Finn, Becky Thatcher, Aunt PollyThe Adventures of Tom Sawyer
76.4%
Beth, Meg, and Jo March, LaurieLittle Women
74.5%
Jim Hawkins, Long John SilverTreasure Island
72.3%
Fern Avery, Wilbur, TempletonCharlotte's Web
64.3%
Violet, Klaus, and Sunny BaudelaireThe Bad Beginning
55.1%
Jane and Michael Banks, Bird WomanMary Poppins
52.9%
Stanley Yelnats, Hector, WardenHoles
43.7%
Lyra Belacqua, Mrs. Coulter, Lord AsrielThe Golden Compass
35.2%
Characters Book Title % Correct
Mary Lennox, Dickon Sowerby, Colin CravenThe Secret Garden
35%
Hazel, Fiver, BigwigWatership Down
30.8%
Kristy, Mary Anne, Claudia, StaceyKristy's Great Idea
24.2%
Meg and Charles Wallace Murry, Calvin O'KeefeA Wrinkle in Time
24.1%
Arrietty, Pod, HomilyThe Borrowers
23.1%
Milo, Tock, MathemagicianThe Phantom Tollbooth
23.1%
Diana, Marilla, MatthewAnne of Green Gables
22.6%
Henry, Jessie, Violet, and Benny AldenBoxcar Children
21.8%
Jonas, Asher, Lily, GabrielThe Giver
15%
Annika, Tommy, Mr. NilssonPippi Longstocking
15%
Posy, Pauline, PetrovaBallet Shoes
13.3%

You're not logged in!

Compare scores with friends on all Sporcle quizzes.
OR
Log In

You Might Also Like...

Show Comments

Extras

Top Quizzes Today


Score Distribution

Your Account Isn't Verified!

In order to create a playlist on Sporcle, you need to verify the email address you used during registration. Go to your Sporcle Settings to finish the process.

Report this User

Report this user for behavior that violates our Community Guidelines.

Details: